| 000 | 01146cam a2200373 a 4500 | ||
|---|---|---|---|
| 001 | 4582 | ||
| 003 | FISKH | ||
| 005 | 20240917120430.0 | ||
| 008 | 950228s1995 nyua j 000 1 eng | ||
| 010 | _a 95010284 | ||
| 020 | _a059026267X | ||
| 020 | _a9780590262675 | ||
| 040 |
_aDLC _cDLC _dDLC _beng |
||
| 050 | _aPZ8.M127 | ||
| 082 | _a808.068 | ||
| 100 | 1 | _aMaccarone, Grace. | |
| 245 | 1 | 4 |
_aThe lunch box surprise / _cby Grace Maccarone ; illustrated by Betsy Lewin. |
| 260 |
_aNew York : _bScholastic, _c1995. |
||
| 300 |
_a30 unnumbered pages : _bcolor illustrations ; _c23 cm |
||
| 440 | 0 |
_aHello reader! _nLevel 1 |
|
| 490 | 1 | _aFirst grade friends | |
| 500 | _a"Cartwheel Books." | ||
| 505 | _aF | ||
| 520 | _aWhen Sam's mother forgets to pack his lunch, his friends in the first grade come to his rescue. | ||
| 521 | 8 |
_a310
_bLexile |
|
| 521 | 8 |
_aF
_bRaz-Plus |
|
| 650 | 1 |
_aSchools _xFiction. |
|
| 650 | 1 |
_aFriendship _xFiction. |
|
| 650 | 1 | _aStories in rhyme. | |
| 700 | 1 |
_aLewin, Betsy, _eillustrator |
|
| 906 |
_a7 _bcbc _corignew _d1 _eocip _f19 _gy-gencatlg |
||
| 942 |
_2ddc _cBK _n0 |
||
| 999 |
_c4582 _d4582 |
||